ბათუმის შოთა რუსთაველის სახელმწიფო უნივერსიტეტის ბიბლიოთეკა

კავკასიის მაცნე = Кавказский вестник = Caucasian messenger / (ბიბ.ჩანაწერი № 61577)

000 -LEADER
fixed length control field 01344nam a22001937a 4500
005 - DATE AND TIME OF LATEST TRANSACTION
control field 20240326110810.0
008 - FIXED-LENGTH DATA ELEMENTS--GENERAL INFORMATION
fixed length control field 240326c2002 ge ||||| |||| 00| 0 geo d
022 ## - INTERNATIONAL STANDARD SERIAL NUMBER
International Standard Serial Number 1512-0619
041 ## - LANGUAGE CODE
Language code of text/sound track or separate title geo
245 ## - TITLE STATEMENT
Title კავკასიის მაცნე = Кавказский вестник = Caucasian messenger /
Remainder of title 2002 /
Statement of responsibility, etc. საქართველოს პარლამეტის ეროვნული ბიბლიოთეკა; კავკასიოლოგთა საერთაშორისო ასოციაცია; თბილისის სახელმწიფო უნივერსიტეტი ივ. ჯავახიშვილის სახელობის; მოსკოვის სახელმწიფო ლინგვისტიკური უნივერსიტეტი.
260 ## - PUBLICATION, DISTRIBUTION, ETC.
Place of publication, distribution, etc. თბილისი,
Date of publication, distribution, etc. 2000-
300 ## - PHYSICAL DESCRIPTION
Extent V.
653 ## - INDEX TERM--UNCONTROLLED
Uncontrolled term კავკასიის მაცნე
653 ## - INDEX TERM--UNCONTROLLED
Uncontrolled term ისტორია
653 ## - INDEX TERM--UNCONTROLLED
Uncontrolled term არქიტექტურა
710 ## - ADDED ENTRY--CORPORATE NAME
Corporate name or jurisdiction name as entry element საქართველოს პარლამეტის ეროვნული ბიბლიოთეკა
9 (RLIN) 21584
710 ## - ADDED ENTRY--CORPORATE NAME
Corporate name or jurisdiction name as entry element თბილისის სახელმწიფო უნივერსიტეტი
9 (RLIN) 21585
942 ## - ADDED ENTRY ELEMENTS (KOHA)
Source of classification or shelving scheme
Koha item type პერიოდიკა
ეგზემპლარები
Withdrawn status Lost status Source of classification or shelving scheme Damaged status Not for loan Permanent Location Current Location Date acquired Serial Enumeration / chronology Barcode Date last seen Copy number Uniform Resource Identifier Price effective from Koha item type
          ბათუმის შოთა რუსთაველის სახელმწიფო უნივერსიტეტის მთავარი ბიბლიოთეკა ბათუმის შოთა რუსთაველის სახელმწიფო უნივერსიტეტის მთავარი ბიბლიოთეკა 2024-03-26 2002 81183 2024-03-26 81183 ბსუ-ს საპატიო დოქტორის გურამ ლორთქიფანიძის საჩუქარი 2024-03-26 პერიოდიკა